000 00571nam a2200181 i 4500
001 149788
003 ES-MaACL
005 20230906203246.0
007 t|
008 071024s1970 sp ||||1| cat d
100 1 _aVayreda, Maria dels Angels.
_9113337
245 1 0 _aEncara no sé com soc
_b: novel-la /
_cMaria dels Angels Vayreda ; próleg de Carles Fages de Climent.
250 _a[1ª ed.].
260 _aBarcelona :
_bClub Editor,
_c[1970]
300 _a261 p. ;
_c20 cm.
700 1 _aFages de Climent, Carlos.
_948615
852 _aES-MaACL
_jC-46460
_bR.75024
999 _c149788
_d149788